Datum a čas kvízu

26.5 Celkem bodů Celkový počet nahraných bodů na tomto kvízu bez doplňovacích otázek.
11. Pořadí na kvízu Konečné umístění týmu na tomto kvízu.

Zaznamenané odpovědi

# Otázka Odpověď Body Výsledky
1. V pátek se dostala do prodeje... vlky 0
2. V jedné evropské zemi platí od... Itálie 0
3. V indické nemocnici ve městě B... hrál na hudební nástroj (na klavír) 1
4. Který maloobchodní řetězec půs... Billa 0
5. Napište název nočního klubu v... Belmondo 0
6. Na začátek tématu a otázky si... třetím 0
7. Rozlohou druhé největší africk... Tanganika 0
8. Novinář Tomáš Poláček se před... 1A 2C 3B 4D 0
9. Jak se jmenuje město na úpatí... Kapské město (Cape Town) 1
10. Afrika se trhá, od zbytku se o... C 1